=LDR 00000nam 2200000 4500 =001 INLIS000000000049851 =005 20170405102331.0 =006 =007 =008 =020 ##$$a 978-979-17855-9-4 =035 ##$$0010-041700000000041 =040 ##$$a NBPDMAT =082 ##$$a 899.221 3 $b Imv i =084 ##$$a 899.221 3 Imv i =090 ##$$a 899.221 3 $b Imv i =100 ##$$a IM VIDAVA RAKATESA =245 ##$$a Elegi Patu Mbojo/ IM Vida Rakatesa ; editor , Mukhlis Muma Leon =260 ##$$a Mataram $b Insan Madani Intitusi $c 2014 =440 ##$$a FIKSI INDONESIA =500 ##$$a Bibliografi : hlm. 93-98 =650 ##$$a Fiksi Indonesia =700 ##$$a Mukhlis Muma Leon =850 ##$$a NBPDMAT